Oznamovacia povinnosť. 2 Občania a organizácie v dôchodkovom zabezpečení

Vedenie evidenčného listu dôchodkového zabezpečenia, ktorý je povinná organizácia založiť ihneď pri vstupe občana do zamestnania. Údaje zaznamenávané v evidenčnom liste. Hlásenie o zamestnaní pracujúcich dôchodcov. Zodpovednosť občanov a organizácií v dôchodkovom zabezpečení.

Gespeichert in:
Bibliographische Detailangaben
1. Verfasser: Bolješiková, J.
Format: Buchkapitel
Sprache:Slowakisch
Schlagworte:
Tags: Tag hinzufügen
Keine Tags, Fügen Sie das erste Tag hinzu!

MARC

LEADER 00000naa a2200000 4500
001 r024495
005 20221213113836.2
041 0 |a slo 
044 |a SK 
245 1 0 |a Oznamovacia povinnosť. 2  |b Občania a organizácie v dôchodkovom zabezpečení  |c J. Bolješiková 
520 |a Vedenie evidenčného listu dôchodkového zabezpečenia, ktorý je povinná organizácia založiť ihneď pri vstupe občana do zamestnania. Údaje zaznamenávané v evidenčnom liste. Hlásenie o zamestnaní pracujúcich dôchodcov. Zodpovednosť občanov a organizácií v dôchodkovom zabezpečení. 
610 2 0 |a zabezpečenie dôchodkové 
610 2 0 |a zabezpečenie sociálne 
610 2 0 |a zákony 
610 2 0 |a vyhlášky 
610 2 0 |a Slovensko 
610 2 0 |a 1994 
610 2 0 |a dôchodky 
610 2 0 |a evidencia 
610 2 0 |a dôchodcovia 
610 2 0 |a zamestnanci 
100 1 |a Bolješiková, J.